War and peace in modern India: (Record no. 34468)

MARC details
000 -LEADER
fixed length control field 00840nam a22002297a 4500
005 - DATE AND TIME OF LATEST TRANSACTION
control field 20100306114949.0
008 - FIXED-LENGTH DATA ELEMENTS--GENERAL INFORMATION
fixed length control field 100306t xxu||||| |||| 00| 0 eng d
010 ## - LCCN (DPL NO)
LC control number ENG-95863
020 ## - INTERNATIONAL STANDARD BOOK NUMBER
International Standard Book Number 8178242575
Terms of availability 750.00
020 ## - INTERNATIONAL STANDARD BOOK NUMBER
International Standard Book Number 9788178242576
Terms of availability 750.00
035 ## - SYSTEM CONTROL NUMBER
System control number EN-79396
037 ## - SOURCE OF ACQUISITION
Source of stock number/acquisition DBAD/PUB
040 ## - CATALOGING SOURCE
Original cataloging agency DPL
100 ## - MAIN ENTRY--PERSONAL NAME
Personal name Raghavan, Srinath
245 ## - TITLE STATEMENT
Title War and peace in modern India:
Remainder of title A strategic History of the Nehru years/
Statement of responsibility, etc by Srinath Raghavan
260 ## - PUBLICATION, DISTRIBUTION, ETC. (IMPRINT)
Place of publication, distribution, etc Ranikher
Name of publisher, distributor, etc Permanent Black
Date of publication, distribution, etc 2010
270 ## - ADDRESS
Address Himalayana, Mall Road, Ranikher Cantt,
City Ranikher
Postal code 263645
300 ## - PHYSICAL DESCRIPTION
Extent xxvi, 359p
Dimensions 23 cm (Hb)
Accompanying material Bibliography and Index
650 ## - SUBJECT ADDED ENTRY--TOPICAL TERM
Source of heading or term History
942 ## - ADDED ENTRY ELEMENTS (KOHA)
Source of classification or shelving scheme Dewey Decimal Classification
Item type English Books
Call number suffix RAG
Holdings
Withdrawn status Lost status Source of classification or shelving scheme Materials specified (bound volume or other part) Damaged status Not for loan Collection code Home library Current library Date acquired Source of acquisition Cost, normal purchase price Total Checkouts Full call number Barcode Date last seen Copy number Cost, replacement price Koha item type
    Dewey Decimal Classification Hb   Not For Loan Non-fiction D.B.Act.Division D.B.Act.Division 06/03/2010 DBAD/PUB 750.00   RAG EN-79396 06/03/2010 1 750.00 English Books

© Delhi Public Library
Hit Counter
free hit counter